000 00370 a2200109 4500
001 ART_49666
005 20260410161757.0
008 260409a
245 1 0 _aLas multas y su deducción en el impuesto a las ganancias luego de la reforma tributaria
100 1 _aMastandrea, Alberto F.
773 0 _tDoctrina tributaria
_g- N°475 (oct. 2019)
_wREV4296
999 _c20258
_d20258